1443 1653 1520 1300 1143 1186 1428 1357 1682 1831 1010 1762 1305 1628 1028 1499 1552 1570 1611 1682 1112 1749 1556 1891 1217 1992 1531 1143 1034 1454 1535 1535 1104 1157 1975 1470 1708 1627 1325 1501 1237 1770 1245 1604 1684 1342 1010 1305 1982 1831 1302 1043 1520 1274 1186 1387 1267 1191 1069 1793 1853 1973 1012 1978 1740 1951 1109 1053 1663 1474 1102 1272 1018 1883 1259 1842 1811 1976 1090 1818 1762 1874 1762 1500 1253 1274 1836 1725 1010 1943 1282 1382 1597 1917 1311 1518 1501 1943 1318 BCNSPRNW ULIB Ver.6.0+V

เปลี่ยนเป็นภาษาไทย

Change to English
 แสดงรายละเอียดบรรณานุกรม
  กลับหน้าหลัก

Brief Record : Get Marc (ISO 2709) : E-mail record : QR code < ปิดหน้าต่าง
LEADER : 00000nam a2200000Ia 4500
001    13399128088
003     ULIB
008    180430s2561 th a 000 0 tha d
020    ^a9786164072770
040    ^abrv
050  4 ^aKF8902.E42^bป453ว
100 0  ^aปราวีณยา สุวรรณณัฐโชติ
245 10 ^aวัคซีนคุ้มภัยคนยุคดิจิทัล :^bประเด็นจริยธรรมและข้อควรรู้ทางกฎหมาย /^cปราวีณยา สุวรรณณัฐโชติ
250    ^aพิมพ์ครั้งที่ 1
260    ^aกรุงเทพฯ :^bศูนย์ส่งเสริมการพัฒนานวัตกรรม ตำราและเอกสารทางวิชาการคณะครุศาสตร์ จุฬาลงกรณ์มหาวิทยาลัย,^c2561
300    ^a141 หน้า :^bภาพประกอบ ;^c26 ซม.
650  4 ^aสังคมออนไลน์
650  4 ^aอาชญากรรมทางคอมพิวเตอร์
650  4 ^aอาชญากรรมทางคอมพิวเตอร์^xกฎหมายและระเบียบข้อบังคับ
710 2  ^aจุฬาลงกรณ์มหาวิทยาลัย.^bคณะครุศาสตร์.^bศูนย์ส่งเสริมการพัฒนานวัตกรรมตำราและเอกสารทางวิชาการ
910    ^aSend to UC
945    ^p215^l0^i29296
945    ^p215^l0^i29297
945    ^p215^l0^i29298
945    ^p215^l0^i29299
945    ^p215^l0^i29300
995    ^aกัณชพร จุลอักษร
999    ^aกัณชพร
รายการนี้ยังไม่มีแท็ก
คุณยังไม่ได้ล็อกอิน คุณสามารถมีกิจกรรมร่วมกับเว็บไซต์ได้ แต่ต้องล็อกอินก่อน ::
  ล็อกอิน

รายการสื่อสารสนเทศ

ลำดับที่ ประเภท เลขเรียก/บาร์โค้ด สถานที่ สถานะ
1. หนังสือสำรอง
หนังสือสำรอง
KF8902.E42 ป453ว ฉ.1 
  Barcode: 29296
ห้องสมุดวิทยาเขตนครสวรรค์
►หนังสือทั่วไป:l:General Books
บนชั้น
2. วิทยาศาสตร์การแพทย์ และสุขภาพ
วิทยาศาสตร์การแพทย์ และสุขภาพ
KF8902.E42 ป453ว ฉ.2 
  Barcode: 29297
ห้องสมุดวิทยาเขตนครสวรรค์
►หนังสือทั่วไป:l:General Books
บนชั้น
3. วิทยาศาสตร์การแพทย์ และสุขภาพ
วิทยาศาสตร์การแพทย์ และสุขภาพ
KF8902.E42 ป453ว ฉ.3 
  Barcode: 29298
ห้องสมุดวิทยาเขตนครสวรรค์
►หนังสือทั่วไป:l:General Books
บนชั้น
4. วิทยาศาสตร์การแพทย์ และสุขภาพ
วิทยาศาสตร์การแพทย์ และสุขภาพ
KF8902.E42 ป453ว ฉ.4 
  Barcode: 29299
ห้องสมุดวิทยาเขตนครสวรรค์
►หนังสือทั่วไป:l:General Books
บนชั้น
5. วิทยาศาสตร์การแพทย์ และสุขภาพ
วิทยาศาสตร์การแพทย์ และสุขภาพ
KF8902.E42 ป453ว ฉ.5 
  Barcode: 29300
ห้องสมุดวิทยาเขตนครสวรรค์
►หนังสือทั่วไป:l:General Books
บนชั้น

รายการใกล้เคียง
    ผู้แต่ง [ปราวีณยา สุวรรณณัฐโชติ]

    หัวเรื่อง [สังคมออนไลน์]
    หัวเรื่อง [อาชญากรรมทางคอมพิวเตอร์]

BibComment


ยังไม่เคยถูกคอมเมนท์

คอมเมนท์ทรัพยากรรายการนี้
  คอมเมนท์: วัคซีนคุ้มภัยคนย..


 Copyright 2026. Bcnsprnw @Library